000
00217nam a2200097Ia 4500
008
240331s9999 xx 000 0 und d
082
_b
PAR
100
_a
Parameswaran, P.R
245
0
_a
Marxia ulaga kannottam
942
_c
L
999
_c
3581
_d
3581